| 000 | 00624nam a2200193 a 4500 | ||
|---|---|---|---|
| 005 | 20140310183456.0 | ||
| 008 | 091110s19uu xx 00 eng d | ||
| 020 | _a978-0-240-81033-1 | ||
| 050 |
_aNC 1765 _b.W49 2009 |
||
| 100 | _aWhite, Tony | ||
| 245 |
_aHow to make animated films : _bTony White's complete masterclass on the traditional principles of animation / _cTony White. |
||
| 260 |
_aAmsterdam : _bElsevier, _cc2009. |
||
| 300 |
_a475 p. : _bcol. ill. ; _c25 cm. |
||
| 521 | _aMA | ||
| 650 |
_aAnimated films _xtechnique. |
||
| 650 |
_aAnimation _x(Cinematography). |
||
| 942 |
_cBK _2lcc _kFOR |
||
| 999 |
_c23640 _d23640 |
||